| 000 | 00555nam a2200205Ia 4500 | ||
|---|---|---|---|
| 008 | 180207s9999 xx 000 0 und d | ||
| 020 | _a9789715907477 | ||
| 050 | _bM965 2012 | ||
| 100 | _aMundy, Michaelene | ||
| 245 | _aIt’s great to be grateful! : | ||
| 245 | _ba kid's guide to being thankful / | ||
| 245 | _cby Michaelene Mundy ; illustrated by R. W. Alley. | ||
| 260 | _aUSA : | ||
| 260 | _bOne Caring Place, | ||
| 260 | _c2012 | ||
| 300 | _aunpaged : | ||
| 300 | _bchiefly colored ; | ||
| 300 | _c21cm. | ||
| 440 | _aPhonics readers. | ||
| 999 |
_c355568 _d355568 |
||